• 首页
  • 本馆介绍
  • 公告通知
  • 最新文献
  • 馆藏检索
  • 电子资源
  • 读者导购
  • 参考咨询
  • 我的图书馆
  • 登录
  • 详细信息显示
  • 放入我的书架
  • 预约/预借图书
  • 作者相关作品
  • 分类相关作品
  • 丛书相关作品
  • 出版社相关作品

书目信息

  • 表格格式
  • 工作单格式
  • 卡片格式
题名:
思想道德修养与法律基础实践教学教程
    
 
作者: 张之启 主编
分册:  
出版信息: 北京   北京出版社  2013
页数: 184页
开本: 26cm
丛书名:
单 册:
中图分类: G641.6 , D920.4
科图分类:
主题词: 思想修养--高等职业教育--教材 , 法律--中国--高等职业教育--教材
电子资源:
ISBN: 978-7-200-09806-8
000 01069nam0 2200253 45
001 012001008668
005 20140101173342.0
010    @a978-7-200-09806-8@dCNY25.00
100    @a20100829d2010 em y0chiy0110 ea
101 0  @achi
102    @aCN@b110000
105    @ay z 000yy
106    @ar
200 1  @a思想道德修养与法律基础实践教学教程@9si xiang dao de xiu yang yu fa lv ji chu shi jian jiao xue jiao cheng@f张之启主编
210    @a北京@c北京出版社@d2013
215    @a184页@d26cm
330    @a本书根据高职高专教育教学要求,以“理论必须、够用为度、能力本位”为原则,使学生掌握最基本理论的基础上,着力培养学生运用经济学的基本知识、基本原理去分析、解决实际经济问题能力。本书遵循高职教育规律,深入浅出,表达通俗易懂,尽量减少数学推导和分析,而是运用大量的案例、表格和图形等加以说明,从而激发学生的学习兴趣。
606 0  @a思想修养@x高等职业教育@j教材
606 0  @a法律@y中国@x高等职业教育@j教材
690    @aG641.6@v5
690    @aD920.4@v5
701  0 @a张之启@9zhang zhi qi@4主编
801  0 @aCN@b上海新华@c20191020
905    @b1185362-5@dG641.6@e1122@f4
    
    思想道德修养与法律基础实践教学教程/张之启主编.-北京:北京出版社,2013
    184页;26cm
    
    
    ISBN 978-7-200-09806-8:CNY25.00
    本书根据高职高专教育教学要求,以“理论必须、够用为度、能力本位”为原则,使学生掌握最基本理论的基础上,着力培养学生运用经济学的基本知识、基本原理去分析、解决实际经济问题能力。本书遵循高职教育规律,深入浅出,表达通俗易懂,尽量减少数学推导和分析,而是运用大量的案例、表格和图形等加以说明,从而激发学生的学习兴趣。
●
相关链接 在E读中查询图书 在五车中查询图书 在当当中查询图书 在豆瓣中查询图书


正题名:思想道德修养与法律基础实践教学教程     索取号:G641.6/1122         预约/预借

序号 登录号 条形码 馆藏地/架位号 状态 备注
1 1185362   211853626   第一样本阅览室/ [索取号:G641.6/1122] 在馆    
2 1185363   211853635   第四借阅区/ [索取号:G641.6/1122] 在馆    
3 1185364   211853644   第四借阅区/ [索取号:G641.6/1122] 在馆    
4 1185365   211853653   第四借阅区/ [索取号:G641.6/1122] 在馆    
唐山师范学院图书馆 欢迎您!
大连网信软件有限公司© 版权所有